000 00375nam a22001697a 4500
005 20160621153626.0
008 160621b xxu||||| |||| 00| 0 eng d
020 _a81-86112-39-1
041 _aeng
082 _b8788
100 _aDenny, Rechanrd
_92417
245 _aMotivate to Win
260 _bUBSPD
_c1996
300 _a160
650 _aManagement
_9241
942 _cBK
999 _c3420
_d3419